| 000 | 00533nam a2200193 a 4500 | ||
|---|---|---|---|
| 001 | 1773047388231 | ||
| 003 | YourLibrary | ||
| 005 | 20260309144519.0 | ||
| 008 | 260309s1995##################000#0#eng## | ||
| 020 | _a9781852786724 | ||
| 082 | 0 | 4 |
_a338.94 _bCSA |
| 100 | 1 |
_aCsaba, László, _eauthor. |
|
| 245 | 1 | 0 | _aThe Capitalist Revolution in Eastern Europe : |
| 260 |
_bEdward Elgar Publishing, _c1995. |
||
| 300 | _a360 pages | ||
| 650 | 0 | _aBusiness & Economics. | |
| 942 | _cENGLISH | ||
| 040 |
_aYourLibrary _beng _cYourLibrary |
||
| 999 |
_c617267 _d617267 |
||